[Event "Online Olym Div2 B 2021"]
[Site "chess.com INT"]
[Date "2021.09.02"]
[Round "3.4"]
[Board "4"]
[White "Sedina, Elena"]
[Black "Malikova, Marjona"]
[Result "1/2-1/2"]
[WhiteTitle "IM"]
[WhiteElo "2259"]
[BlackElo "1684"]
[WhiteTeam "Italy"]
[BlackTeam "Uzbekistan"]
[WhiteFideId "812153"]
[BlackFideId "14212463"]
[EventDate "2021.09.02"]
[EventType "team"]

1. e4 c6 2. d4 d5 3. e5 c5 4. Nf3 Nc6 5. c4 cxd4 6. Nxd4 Nxe5 7. cxd5 Qxd5 8.
Nc3 Qd8 9. Bf4 Ng6 10. Bg3 e5 11. Bb5+ Bd7 12. Qe2 f6 13. Ne6 Qb6 14. Bxd7+ Kxd7
15. Nxf8+ Rxf8 16. Qc4 Qc6 17. Qb4 N8e7 18. O-O Kc8 19. Rac1 Kb8 20. f3 Rc8 21.
Bf2 b6 22. a4 Nd5 23. Qb3 Ngf4 24. Kh1 Rc7 25. Na2 Qb7 26. Rxc7 Nxc7 27. Rd1
Nce6 28. Nc3 1/2-1/2

[Event "Online Olym Div2 B 2021"]
[Site "chess.com INT"]
[Date "2021.09.02"]
[Round "3.4"]
[Board "5"]
[White "Begmuratov, Khumoyun"]
[Black "Di Benedetto, Edoardo"]
[Result "0-1"]
[WhiteTitle "CM"]
[BlackTitle "IM"]
[WhiteElo "2148"]
[BlackElo "2412"]
[WhiteTeam "Uzbekistan"]
[BlackTeam "Italy"]
[WhiteFideId "14210207"]
[BlackFideId "875740"]
[EventDate "2021.09.02"]
[EventType "team"]

1. e4 e6 2. d3 d5 3. Nd2 c5 4. Ngf3 Nf6 5. g3 g6 6. Bg2 Bg7 7. O-O O-O 8. Re1
Nc6 9. Qe2 b6 10. Nf1 a5 11. e5 Nd7 12. Bf4 Ba6 13. h4 c4 14. a3 Nc5 15. Rad1
Na4 16. Rb1 Rc8 17. d4 b5 18. c3 b4 19. Qe3 Rb8 20. Bg5 Ne7 21. N1h2 h6 22. Bf4
Nf5 23. Qd2 Kh7 24. Ng4 bxc3 25. bxc3 Rb3 26. Rbc1 Qe7 27. Bh3 Rb2 28. Qd1 Qxa3
29. Ra1 Ra2 30. Rxa2 Qxa2 31. Qc1 Qb2 32. Nf6+ Bxf6 33. exf6 Qxc1 34. Rxc1 Rc8
35. Be5 Rc6 36. Bf4 Nd6 37. Ne5 Rc8 38. Ng4 Ne4 39. Nxh6 Naxc3 40. Rc2 Nb5 41.
Nxf7 Nxd4 42. Ra2 c3 43. Kg2 c2 44. Rxa5 Ne2 45. Be3 d4 46. Ng5+ Kh8 47. Nf7+
Kg8 48. Bxe6 dxe3 49. Ne5+ Kh7 50. Ra1 Nxf6 51. Bxc8 Bxc8 52. Ra7+ Kg8 53. Nd3
Bf5 54. Ra8+ Kf7 55. Ne5+ Ke6 56. Ra1 Kxe5 57. fxe3 c1=Q 58. Rxc1 Nxc1 59. Kf3
Be4+ 60. Kf2 Ng4+ 61. Ke1 Nd3+ 62. Kd2 Nb4 63. h5 gxh5 64. Kc3 Nd5+ 65. Kc4
Ndxe3+ 66. Kc5 Nf5 67. Kb6 Nxg3 68. Ka7 h4 69. Kb8 h3 0-1

[Event "Online Olym Div2 B 2021"]
[Site "chess.com INT"]
[Date "2021.09.02"]
[Round "3.4"]
[Board "6"]
[White "Sala, Giulia"]
[Black "Khegay, Yuliya"]
[Result "0-1"]
[WhiteTitle "WFM"]
[BlackTitle "WFM"]
[WhiteElo "2064"]
[BlackElo "1848"]
[WhiteTeam "Italy"]
[BlackTeam "Uzbekistan"]
[WhiteFideId "2840451"]
[BlackFideId "14205394"]
[EventDate "2021.09.02"]
[EventType "team"]

1. e4 e5 2. Nf3 Nc6 3. Bc4 Bc5 4. O-O Nf6 5. d3 d6 6. c3 a6 7. Bb3 Ba7 8. Nbd2
O-O 9. Bc2 Ng4 10. Nc4 f5 11. exf5 Bxf5 12. h3 Nf6 13. Bg5 h6 14. Bh4 g5 15. Bg3
Nh5 16. Bh2 Nf4 17. d4 e4 18. Nfd2 d5 19. Ne3 Ne7 20. Ng4 Bxg4 21. Qxg4 Qc8 22.
Qxc8 Raxc8 23. Rae1 c5 24. dxc5 Bxc5 25. b4 Bxb4 26. Bxe4 Bxc3 27. Bh7+ Kxh7 28.
Rxe7+ Kg6 29. Nf3 Nxh3+ 30. gxh3 Rxf3 31. Rxb7 Rxh3 32. Rb6+ Kf5 33. Kg2 Rh4 34.
Rxa6 Rg4+ 35. Bg3 h5 36. f3 Rb4 37. Rd1 Rb2+ 38. Kh1 d4 39. a4 h4 40. Bh2 d3 41.
Rxd3 Be5 42. Bxe5 Rc1+ 0-1

[Event "Online Olym Div2 B 2021"]
[Site "chess.com INT"]
[Date "2021.09.02"]
[Round "3.5"]
[Board "1"]
[White "Ragger, Markus"]
[Black "Lim, Zhuo Ren"]
[Result "1-0"]
[WhiteTitle "GM"]
[BlackTitle "FM"]
[WhiteElo "2665"]
[BlackElo "2311"]
[WhiteTeam "Austria"]
[BlackTeam "Malaysia"]
[WhiteFideId "1610856"]
[BlackFideId "5702488"]
[EventDate "2021.09.02"]
[EventType "team"]

1. e4 c5 2. Nf3 d6 3. Bb5+ Nd7 4. Ba4 Nf6 5. O-O g6 6. c4 Bg7 7. Nc3 O-O 8. d3
Ne5 9. h3 Bd7 10. Nxe5 dxe5 11. Be3 b6 12. a3 Bxa4 13. Qxa4 Ne8 14. b4 f5 15.
bxc5 f4 16. Bd2 Qxd3 17. Rfd1 Qd4 18. cxb6 Nd6 19. Be1 Qc5 20. Rd5 axb6 21. Rxc5
Rxa4 22. Nxa4 bxc5 23. Nxc5 Rc8 24. Bb4 Nxc4 25. Rd1 Kf7 26. Kf1 Bf8 27. Nd3 Ra8
28. Rc1 Nxa3 29. Ra1 e6 30. Nxe5+ Ke8 31. Bxf8 Kxf8 32. Nc4 Nxc4 33. Rxa8+ Kg7
34. Ra7+ Kh6 35. Ke2 g5 36. Rc7 Ne5 37. Re7 Ng6 38. Rxe6 Kg7 39. Rxg6+ Kxg6 40.
f3 g4 41. hxg4 h5 42. gxh5+ Kh7 1-0

[Event "Online Olym Div2 B 2021"]
[Site "chess.com INT"]
[Date "2021.09.02"]
[Round "3.5"]
[Board "2"]
[White "Poh, Yu Tian"]
[Black "Froewis, Georg"]
[Result "1/2-1/2"]
[BlackTitle "IM"]
[WhiteElo "2081"]
[BlackElo "2453"]
[WhiteTeam "Malaysia"]
[BlackTeam "Austria"]
[WhiteFideId "5734088"]
[BlackFideId "1618423"]
[EventDate "2021.09.02"]
[EventType "team"]

1. e4 e6 2. d4 d5 3. Nc3 Bb4 4. e5 c5 5. a3 Bxc3+ 6. bxc3 Ne7 7. h4 Qc7 8. Bd2
b6 9. Qg4 cxd4 10. cxd4 Qxc2 11. Qxg7 Rg8 12. Qh6 Nbc6 13. Ne2 Ba6 14. Rc1 Qe4
15. f3 Qg6 16. Qxg6 fxg6 17. Be3 Kd7 18. g4 Rac8 19. Nf4 Bxf1 20. Rxf1 Na5 21.
Ke2 Nc4 22. h5 g5 23. Nh3 h6 24. a4 a6 25. Nf2 Nc6 26. Nd3 Rcf8 27. Rc3 Rf7 28.
Rfc1 Rgf8 29. Ne1 Rf4 30. Bxf4 Rxf4 31. Rxc4 dxc4 32. Rxc4 Nxe5 33. Rb4 Nc6 34.
Rxb6 Kc7 35. Rxa6 Rxd4 36. Ra8 e5 37. Rh8 Rxa4 38. Rxh6 e4 39. fxe4 Rxe4+ 40.
Kf2 Ne5 41. Ra6 Nxg4+ 42. Kf3 Rf4+ 43. Kg3 Ne3 44. h6 Nf5+ 45. Kg2 Rg4+ 46. Kf2
Rf4+ 47. Kg2 Rg4+ 48. Kf2 Rf4+ 49. Kg2 1/2-1/2

[Event "Online Olym Div2 B 2021"]
[Site "chess.com INT"]
[Date "2021.09.02"]
[Round "3.5"]
[Board "3"]
[White "Polterauer, Chiara"]
[Black "Azhar, Puteri Munajjah Az-Zahraa"]
[Result "0-1"]
[WhiteTitle "WFM"]
[BlackTitle "WIM"]
[WhiteElo "2190"]
[BlackElo "2052"]
[WhiteTeam "Austria"]
[BlackTeam "Malaysia"]
[WhiteFideId "1638165"]
[BlackFideId "5709040"]
[EventDate "2021.09.02"]
[EventType "team"]

1. e4 c5 2. Nf3 e6 3. d4 cxd4 4. Nxd4 a6 5. Nc3 Qc7 6. Be2 b5 7. O-O Bb7 8. a3
Nf6 9. Qd3 d6 10. f4 Nbd7 11. Bf3 Be7 12. Kh1 Nc5 13. Qe2 h5 14. e5 dxe5 15.
fxe5 Ng4 16. Bf4 g5 17. Bg3 h4 18. Be1 Nxe5 19. Bxb7 Nxb7 20. Ncxb5 axb5 21.
Nxb5 Qb8 22. Bc3 f6 23. Rae1 O-O 24. Qh5 Kg7 25. Nd4 Ra6 26. Qe2 Rb6 27. a4 Nd8
28. a5 Rd6 29. Nb5 Rd5 30. Nd4 Bc5 31. Nb3 Ba7 32. Rd1 Rxd1 33. Qxd1 Ndc6 34.
Re1 Rd8 35. Qe2 Nd4 36. Qe4 Nxb3 37. cxb3 Qa8 38. Qb4 h3 39. Qe7+ Kg6 40. Re2
Rd1+ 41. Be1 Rxe1+ 42. Rxe1 Qxg2# 0-1

[Event "Online Olym Div2 B 2021"]
[Site "chess.com INT"]
[Date "2021.09.02"]
[Round "3.5"]
[Board "4"]
[White "Azhar, Puteri Rifqah Fahada"]
[Black "Froewis, Annika"]
[Result "0-1"]
[WhiteTitle "WFM"]
[BlackTitle "WFM"]
[WhiteElo "1939"]
[BlackElo "2077"]
[WhiteTeam "Malaysia"]
[BlackTeam "Austria"]
[WhiteFideId "5702879"]
[BlackFideId "1621432"]
[EventDate "2021.09.02"]
[EventType "team"]

1. e4 e5 2. Nc3 Nc6 3. g3 Nf6 4. Bg2 Bc5 5. h3 a6 6. Nge2 d6 7. d3 Be6 8. O-O
Qd7 9. Kh2 h5 10. Nd5 Ne7 11. Nxf6+ gxf6 12. f4 f5 13. h4 O-O-O 14. c3 Bb6 15.
d4 fxe4 16. dxe5 d5 17. Nd4 Bg4 18. Qc2 Rhg8 19. Be3 Kb8 20. Rae1 c5 21. Nb3 d4
22. cxd4 cxd4 23. Bg1 e3 24. Qd3 Nf5 25. Bf3 Nxg3 26. Bxg4 Qxg4 0-1

[Event "Online Olym Div2 B 2021"]
[Site "chess.com INT"]
[Date "2021.09.02"]
[Round "3.5"]
[Board "5"]
[White "Morgunov, Marc"]
[Black "Chan, Kim Yew"]
[Result "1/2-1/2"]
[WhiteTitle "FM"]
[BlackTitle "FM"]
[WhiteElo "2386"]
[BlackElo "2303"]
[WhiteTeam "Austria"]
[BlackTeam "Malaysia"]
[WhiteFideId "1640305"]
[BlackFideId "5717981"]
[EventDate "2021.09.02"]
[EventType "team"]

1. e4 c5 2. Nf3 e6 3. d4 cxd4 4. Nxd4 Nc6 5. Nc3 Qc7 6. g3 a6 7. Bg2 Nf6 8. O-O
Nxd4 9. Qxd4 Bc5 10. Bf4 d6 11. Qd2 h6 12. Rad1 e5 13. Be3 Be6 14. Bxc5 dxc5 15.
Nd5 Bxd5 16. exd5 Qd6 17. f4 O-O 18. fxe5 Qxe5 19. d6 Qxb2 20. c4 Qxd2 21. Rxd2
Rab8 22. a4 Rfd8 23. Rb1 b6 24. Bc6 Ng4 25. Re1 f6 26. Re7 Ne5 27. Bd5+ Kh8 28.
Re6 Rd7 29. Rb2 a5 30. Kf1 Kh7 31. Ke2 h5 32. Ke3 Kg6 33. h3 Kh6 34. Rb1 Kg6 35.
Kf4 Nd3+ 36. Ke4 Ne5 37. Rxe5 fxe5 38. Kxe5 Re8+ 39. Be6 Rf7 40. Kd5 Rf2 41. Rd1
Re2 42. d7 R2xe6 43. dxe8=Q+ Rxe8 44. Rb1 Rd8+ 45. Kc6 Rd3 46. Rxb6 Rxg3 47.
Kxc5+ Kf5 48. Kb5 Rxh3 49. c5 Rb3+ 50. Kxa5 Rc3 51. Kb4 Rc1 52. c6 Ke6 53. a5
Kd6 54. a6 Rxc6 55. Rb7 Rxa6 56. Rxg7 Ra1 57. Kc4 Ke6 58. Kd3 Kf5 59. Ke3 h4 60.
Kf3 Ra3+ 61. Kg2 Rg3+ 62. Rxg3 hxg3 63. Kxg3 1/2-1/2

[Event "Online Olym Div2 B 2021"]
[Site "chess.com INT"]
[Date "2021.09.02"]
[Round "3.5"]
[Board "6"]
[White "Chua, Jia-Tien"]
[Black "Katter, Katharina"]
[Result "1-0"]
[WhiteTitle "WCM"]
[WhiteElo "1822"]
[BlackElo "1939"]
[WhiteTeam "Malaysia"]
[BlackTeam "Austria"]
[WhiteFideId "5710006"]
[BlackFideId "1642626"]
[EventDate "2021.09.02"]
[EventType "team"]

1. e4 e5 2. Nf3 Nc6 3. Bc4 Bc5 4. c3 Nf6 5. d3 O-O 6. Nbd2 d5 7. Bb3 dxe4 8.
dxe4 Bg4 9. Qe2 Qd7 10. O-O Rad8 11. h3 Bh5 12. Bc2 a6 13. Re1 Rde8 14. Nf1 Nd8
15. Ng3 Bxf3 16. Qxf3 Ne6 17. Nf5 Rd8 18. Nxg7 Nxg7 19. Qxf6 Qe6 20. Qf3 f5 21.
Bb3 Qxb3 22. axb3 fxe4 23. Qxe4 Bxf2+ 24. Kh2 Bxe1 25. Qxe1 Rf5 26. Bh6 Rdf8 27.
Qg3 R8f7 28. Re1 Re7 29. Qg4 Rf2 30. Bxg7 Rxg7 31. Qc8+ Kf7 32. Qxc7+ Kf8 33.
Qd8+ Kf7 34. Qd5+ Kf8 35. Rxe5 1-0

[Event "Online Olym Div2 B 2021"]
[Site "chess.com INT"]
[Date "2021.09.03"]
[Round "4.1"]
[Board "1"]
[White "Bogner, Sebastian"]
[Black "Lim, Zhuo Ren"]
[Result "1/2-1/2"]
[WhiteTitle "GM"]
[BlackTitle "FM"]
[WhiteElo "2574"]
[BlackElo "2311"]
[WhiteTeam "Switzerland"]
[BlackTeam "Malaysia"]
[WhiteFideId "4692055"]
[BlackFideId "5702488"]
[EventDate "2021.09.02"]
[EventType "team"]

1. e4 c5 2. Nf3 d6 3. d4 cxd4 4. Nxd4 Nf6 5. Nc3 a6 6. Be3 e5 7. Nb3 Be7 8. h3
Qc7 9. g4 h6 10. Qd2 Nbd7 11. O-O-O b5 12. Kb1 Bb7 13. Nd5 Bxd5 14. exd5 Bd8 15.
f4 O-O 16. Rg1 Ne4 17. Qg2 exf4 18. Bxf4 Re8 19. Nd4 Bf6 20. Nc6 Nb8 21. Bd3
Nxc6 22. Bxe4 Nb4 23. Bd3 Rac8 24. Bc1 Bd4 25. Rgf1 Re5 26. c3 Bxc3 27. bxc3
Nxd5 28. Bh7+ Kxh7 29. Rxd5 Qxc3 30. Rxe5 Qd3+ 31. Ka1 dxe5 32. Qf2 Rc2 33. Qxf7
Qd4+ 34. Kb1 Rc4 35. Qf5+ Kg8 36. Bb2 Rb4 37. Qf7+ Kh7 38. Qf5+ Kg8 39. Qf8+ Kh7
40. Qf5+ Kg8 1/2-1/2

[Event "Online Olym Div2 B 2021"]
[Site "chess.com INT"]
[Date "2021.09.03"]
[Round "4.1"]
[Board "2"]
[White "Poh, Yu Tian"]
[Black "Baenziger, Fabian"]
[Result "0-1"]
[BlackTitle "IM"]
[WhiteElo "2081"]
[BlackElo "2391"]
[WhiteTeam "Malaysia"]
[BlackTeam "Switzerland"]
[WhiteFideId "5734088"]
[BlackFideId "1330110"]
[EventDate "2021.09.02"]
[EventType "team"]

1. e4 c5 2. Nf3 d6 3. d4 cxd4 4. Nxd4 Nf6 5. Nc3 Nc6 6. Bg5 Bd7 7. Qd2 a6 8.
O-O-O e6 9. f4 b5 10. Bxf6 gxf6 11. Nxc6 Bxc6 12. f5 Qb6 13. Kb1 Qc5 14. Bd3
O-O-O 15. Rhf1 Be7 16. Qf4 Rdg8 17. g3 h5 18. fxe6 fxe6 19. Ne2 Kb7 20. Qf2 Qxf2
21. Rxf2 Kc7 22. Nf4 Bd7 23. e5 dxe5 24. Ng6 Rxg6 25. Bxg6 f5 26. Rf3 b4 27. h3
e4 28. Rf2 Rg8 29. Rfd2 Bc8 30. Bxh5 Rxg3 31. Be8 e3 32. Rd4 e5 33. Rc4+ Kb8 34.
a3 f4 35. Re4 b3 36. Rxe5 bxc2+ 37. Kxc2 Rg2+ 38. Kb3 Bf6 39. Re4 Rxb2+ 40. Ka4
e2 41. Rd6 Bc3 42. Rd8 Kc7 43. Rd5 e1=Q 44. Rxe1 Bxe1 45. Rc5+ Kd8 46. Bc6 Bd7
47. Bxd7 Kxd7 48. Rf5 Bd2 49. h4 Rb5 50. Rf6 Ke7 51. Rg6 f3 52. Rg1 f2 53. Rf1
Be1 54. Rh1 Rf5 55. Rf1 Rf4+ 56. Kb3 Rg4 57. h5 Rg1 58. Rxf2 Bxf2 59. Ka4 Rh1
60. Ka5 Bc5 61. Ka4 Rh3 62. Ka5 Rxa3# 0-1

[Event "Online Olym Div2 B 2021"]
[Site "chess.com INT"]
[Date "2021.09.03"]
[Round "4.1"]
[Board "3"]
[White "Tamrazyan, Gohar"]
[Black "Azhar, Puteri Munajjah Az-Zahraa"]
[Result "0-1"]
[BlackTitle "WIM"]
[WhiteElo "1981"]
[BlackElo "2052"]
[WhiteTeam "Switzerland"]
[BlackTeam "Malaysia"]
[WhiteFideId "1330799"]
[BlackFideId "5709040"]
[EventDate "2021.09.02"]
[EventType "team"]

1. e4 c5 2. Nc3 d6 3. d4 cxd4 4. Qxd4 Nc6 5. Bb5 Bd7 6. Bxc6 Bxc6 7. Nf3 Nf6 8.
Bg5 Qa5 9. Bxf6 gxf6 10. O-O-O O-O-O 11. Qc4 e6 12. Nd4 Qc5 13. Qxc5 dxc5 14.
Nxc6 bxc6 15. Rxd8+ Kxd8 16. Rd1+ Kc7 17. Rd3 Rg8 18. g3 c4 19. Rf3 Be7 20. Ne2
Kb6 21. Rc3 Bc5 22. f3 Rd8 23. a4 a5 24. h3 e5 25. g4 Bf2 26. b3 cxb3 27. Rxb3+
Kc7 28. c3 Be3+ 29. Kb1 Rd1+ 30. Ka2 Rh1 31. c4 Bc5 32. f4 Rh2 33. Rb2 Rxh3 34.
fxe5 fxe5 35. Rb3 Rh2 36. Rb2 Rg2 37. Nc3 Rxg4 38. Rh2 Rg7 39. Rh5 Bd4 40. Kb3
Rg3 41. Rxh7 Rxc3+ 42. Ka2 0-1

[Event "Online Olym Div2 B 2021"]
[Site "chess.com INT"]
[Date "2021.09.03"]
[Round "4.1"]
[Board "4"]
[White "Azhar, Puteri Rifqah Fahada"]
[Black "Kurapova, Olga"]
[Result "1/2-1/2"]
[WhiteTitle "WFM"]
[WhiteElo "1939"]
[BlackElo "1900"]
[WhiteTeam "Malaysia"]
[BlackTeam "Switzerland"]
[WhiteFideId "5702879"]
[BlackFideId "1332562"]
[EventDate "2021.09.02"]
[EventType "team"]

1. d4 d5 2. Nf3 Nf6 3. Bf4 e6 4. e3 Bd6 5. Bg3 O-O 6. Bd3 b6 7. Nbd2 c5 8. c3
Ba6 9. Bc2 Nc6 10. Ne5 Qc7 11. Ndf3 Nd7 12. Nxd7 Qxd7 13. Ba4 Qc7 14. Qd2 cxd4
15. exd4 Rfe8 16. Bxd6 Qxd6 17. Bxc6 Qxc6 18. Ne5 Qc7 19. f4 Rad8 20. Kf2 f6 21.
Nf3 Qf7 22. Rhe1 h6 23. h4 Qh5 24. Kg1 Re7 25. b3 b5 26. a4 Qe8 27. axb5 Bxb5
28. Rac1 Rc8 29. Re3 a5 30. Rce1 a4 31. bxa4 Bxa4 32. f5 Rc6 33. Qa2 Bb5 34.
Rxe6 Rexe6 35. Rxe6 Qd7 36. Rxc6 Qxc6 37. Qd2 Qa6 38. g4 Qa1+ 39. Qe1 Qb2 40.
Qd2 Qb1+ 41. Qe1 Qd3 42. Kf2 Bc4 43. Kg3 Bb5 44. Kf2 Bc4 45. Qe8+ Kh7 46. Qg6+
Kg8 47. Qe8+ Kh7 48. Qg6+ Kg8 49. Qe8+ 1/2-1/2

[Event "Online Olym Div2 B 2021"]
[Site "chess.com INT"]
[Date "2021.09.03"]
[Round "4.1"]
[Board "5"]
[White "Fecker, Noah"]
[Black "Chan, Kim Yew"]
[Result "1-0"]
[WhiteTitle "FM"]
[BlackTitle "FM"]
[WhiteElo "2333"]
[BlackElo "2303"]
[WhiteTeam "Switzerland"]
[BlackTeam "Malaysia"]
[WhiteFideId "1334263"]
[BlackFideId "5717981"]
[EventDate "2021.09.02"]
[EventType "team"]

1. e4 c5 2. Nf3 e6 3. d4 cxd4 4. Nxd4 Nc6 5. Nc3 Qc7 6. Be3 a6 7. g4 b5 8. Nxc6
Qxc6 9. Qd2 Bb7 10. O-O-O Bb4 11. Bd4 Nf6 12. f3 h6 13. Bg2 d6 14. e5 dxe5 15.
Bxe5 Be7 16. Kb1 O-O 17. g5 hxg5 18. Qxg5 Qc5 19. Rd7 Rfe8 20. Rxb7 b4 21. Ne4 1-0

[Event "Online Olym Div2 B 2021"]
[Site "chess.com INT"]
[Date "2021.09.03"]
[Round "4.1"]
[Board "6"]
[White "Chua, Jia-Tien"]
[Black "Pellicoro, Nathalie"]
[Result "0-1"]
[WhiteTitle "WCM"]
[WhiteElo "1822"]
[BlackElo "1917"]
[WhiteTeam "Malaysia"]
[BlackTeam "Switzerland"]
[WhiteFideId "5710006"]
[BlackFideId "1332350"]
[EventDate "2021.09.02"]
[EventType "team"]

1. e4 e5 2. Nf3 Nc6 3. Bc4 Nf6 4. d3 Bc5 5. c3 a6 6. Bb3 Ba7 7. Nbd2 d6 8. Nf1
O-O 9. Ng3 d5 10. Qe2 Re8 11. O-O Be6 12. Bg5 d4 13. h3 h6 14. Bd2 Bxb3 15. axb3
Qd6 16. Nf5 Qd7 17. c4 Bc5 18. Qe1 Bf8 19. b4 Nh5 20. c5 Nf4 21. Bxf4 exf4 22.
Qd2 g5 23. Rac1 Rad8 24. Rc4 Bg7 25. h4 Ne5 26. Nxe5 Rxe5 27. Rxd4 Qe8 28. Rxd8
Qxd8 29. hxg5 hxg5 30. f3 Rxf5 31. exf5 Bd4+ 32. Kh1 Qf6 33. g4 fxg3 34. Kg2
Bxb2 35. Qe2 Be5 36. Rh1 Qxf5 37. Re1 Bg7 38. Kxg3 Qf4+ 39. Kg2 Qxb4 40. Qe8+
Bf8 41. Qe4 Qxc5 42. Re2 b5 43. d4 Qd6 44. Re1 Qg6 45. Qe5 Bd6 46. Qe8+ Kg7 47.
Rh1 Qc2+ 48. Kf1 Qd3+ 49. Kg2 Qd2+ 50. Kf1 Qd3+ 51. Kg2 Bf8 52. Qe5+ Kg6 53. Re1
Bd6 54. Qe8 Qxd4 55. Qg8+ Qg7 56. Qa8 Qb2+ 57. Kf1 Qh2 58. Qe4+ Kh6 59. Qf5 Qh1+
60. Ke2 Qh2+ 61. Kd3 Qf4 62. Rh1+ Kg7 63. Rh7+ Kg8 64. Rxf7 Qc4+ 65. Ke3 Qxf7
66. Qxf7+ Kxf7 67. Ke4 Ke6 68. Ke3 Bf4+ 69. Kf2 c5 70. Kg2 c4 71. Kh3 b4 72. Kg4
c3 73. Kh5 c2 74. Kg4 c1=Q 75. Kh5 Qh1+ 76. Kg6 g4 77. fxg4 Qh6# 0-1

[Event "Online Olym Div2 B 2021"]
[Site "chess.com INT"]
[Date "2021.09.03"]
[Round "4.2"]
[Board "1"]
[White "Moroni, Luca Jr"]
[Black "Ragger, Markus"]
[Result "1-0"]
[WhiteTitle "GM"]
[BlackTitle "GM"]
[WhiteElo "2566"]
[BlackElo "2665"]
[WhiteTeam "Italy"]
[BlackTeam "Austria"]
[WhiteFideId "865834"]
[BlackFideId "1610856"]
[EventDate "2021.09.02"]
[EventType "team"]

1. d4 Nf6 2. c4 g6 3. Nc3 d5 4. cxd5 Nxd5 5. Bd2 Bg7 6. Nf3 O-O 7. e4 Nxc3 8.
Bxc3 Bg4 9. Qd2 Nc6 10. d5 Bxf3 11. Bxg7 Kxg7 12. gxf3 Ne5 13. O-O-O c6 14. Bh3
Qc7 15. Qc3 Kg8 16. f4 Nd7 17. Bxd7 Qxd7 18. dxc6 Qc7 19. f5 Rac8 20. Kb1 Qf4
21. Qe3 Qxe3 22. fxe3 Rxc6 23. Rd7 e6 24. Rxb7 exf5 25. exf5 Re8 26. fxg6 hxg6
27. Rf1 Rxe3 28. Rbxf7 Re1+ 29. Rxe1 Kxf7 30. Rc1 Re6 31. Rc7+ Kf6 32. Rxa7 Re1+
33. Kc2 Re2+ 34. Kc3 Rxh2 35. a4 g5 36. a5 g4 37. Ra8 Kg7 38. Re8 g3 39. Re1 g2
40. Rg1 Kf7 41. a6 Rh6 42. Rxg2 Rc6+ 43. Kd4 Rxa6 44. Re2 Rb6 45. Kc4 Rb8 46. b4
Rc8+ 47. Kd4 Rd8+ 48. Kc5 Rc8+ 49. Kb5 Rb8+ 50. Kc4 Rc8+ 51. Kb3 Rb8 52. Re5 Kf6
53. Rc5 Ke6 54. b5 Kd6 55. Kb4 Ra8 56. Rc1 Kd7 57. b6 Rc8 58. Rc5 Ra8 59. Kb5
Ra1 60. Rc2 Kd6 61. b7 Rb1+ 62. Ka6 Ra1+ 63. Kb6 Rb1+ 64. Ka7 Ra1+ 65. Kb8 Kd7
66. Rc4 Rb1 67. Ra4 Kc6 68. Ra6+ Kd7 69. Ka8 Kc7 70. Ra7 1-0

[Event "Online Olym Div2 B 2021"]
[Site "chess.com INT"]
[Date "2021.09.03"]
[Round "4.2"]
[Board "2"]
[White "Shengelia, David"]
[Black "Lodici, Lorenzo"]
[Result "1/2-1/2"]
[WhiteTitle "GM"]
[BlackTitle "IM"]
[WhiteElo "2524"]
[BlackElo "2507"]
[WhiteTeam "Austria"]
[BlackTeam "Italy"]
[WhiteFideId "13601270"]
[BlackFideId "884189"]
[EventDate "2021.09.02"]
[EventType "team"]

1. d4 Nf6 2. c4 e6 3. Nc3 Bb4 4. Nf3 b6 5. g3 Bb7 6. Bd2 Bxc3 7. Bxc3 Ne4 8. Rc1
d6 9. Bg2 Nd7 10. O-O Nxc3 11. Rxc3 Nf6 12. d5 exd5 13. Nh4 d4 14. Qxd4 Bxg2 15.
Kxg2 O-O 16. e4 Re8 17. f3 g6 18. Re3 Qe7 19. Rfe1 Qe5 20. Qd2 Qc5 21. b3 a5 22.
R3e2 Re6 23. h3 Rae8 24. Kh2 Qh5 25. Rf2 R6e7 26. Ng2 Qc5 27. Rfe2 a4 28. Ne3
axb3 29. axb3 b5 30. Nf5 gxf5 31. Qg5+ Kf8 32. Qh6+ Kg8 33. Qg5+ Kf8 34. Qxf6
Qe5 35. Qh6+ Qg7 36. Qxg7+ Kxg7 37. cxb5 Rb8 38. exf5 Rxe2+ 39. Rxe2 Rxb5 40.
Rc2 Rxf5 41. Rxc7 Rxf3 42. Rd7 Rf2+ 43. Kg1 Rd2 44. b4 Kf6 45. b5 Ke6 46. Rd8
Rb2 47. Rb8 d5 48. b6 Kd6 49. b7 Kc6 50. Rh8 Rxb7 51. Rxh7 d4 52. Rh5 d3 53. Kf2
Re7 54. Ra5 Re2+ 55. Kf3 Rh2 56. Ra3 Rxh3 57. Rxd3 Rh5 58. Kg4 Re5 59. Kf4 1/2-1/2

[Event "Online Olym Div2 B 2021"]
[Site "chess.com INT"]
[Date "2021.09.03"]
[Round "4.2"]
[Board "3"]
[White "Brunello, Marina"]
[Black "Theissl Pokorna, Regina"]
[Result "1/2-1/2"]
[WhiteTitle "IM"]
[BlackTitle "WGM"]
[WhiteElo "2354"]
[BlackElo "2296"]
[WhiteTeam "Italy"]
[BlackTeam "Austria"]
[WhiteFideId "822590"]
[BlackFideId "14902052"]
[EventDate "2021.09.02"]
[EventType "team"]

1. e4 e5 2. Nf3 Nc6 3. Bc4 Nf6 4. d3 Bc5 5. O-O d6 6. c3 a6 7. Bb3 Ba7 8. Be3
O-O 9. Nbd2 h6 10. Re1 Re8 11. Nf1 d5 12. Bxa7 Rxa7 13. Ng3 Be6 14. Qe2 Ra8 15.
Rad1 Qd7 16. Nh4 d4 17. Nhf5 Bxb3 18. axb3 Kh7 19. Qd2 Ng8 20. cxd4 Nxd4 21.
Nxd4 Qxd4 22. Nf5 Qb6 23. Qc3 Rad8 24. Qc4 Re6 25. d4 exd4 26. Rxd4 Rxd4 27.
Nxd4 Rf6 28. Nf3 Qc6 29. Qb4 Qb6 30. Qc4 Qc6 31. Qb4 Qb6 32. Qc4 1/2-1/2

[Event "Online Olym Div2 B 2021"]
[Site "chess.com INT"]
[Date "2021.09.03"]
[Round "4.2"]
[Board "4"]
[White "Froewis, Annika"]
[Black "Sedina, Elena"]
[Result "0-1"]
[WhiteTitle "WFM"]
[BlackTitle "IM"]
[WhiteElo "2077"]
[BlackElo "2259"]
[WhiteTeam "Austria"]
[BlackTeam "Italy"]
[WhiteFideId "1621432"]
[BlackFideId "812153"]
[EventDate "2021.09.02"]
[EventType "team"]

1. e4 e6 2. d4 d5 3. Nc3 Bb4 4. e5 c5 5. a3 Bxc3+ 6. bxc3 Ne7 7. Qg4 O-O 8. Bd3
Nbc6 9. Nf3 f5 10. exf6 Rxf6 11. Bg5 e5 12. Bxh7+ Kxh7 13. Qh5+ Kg8 14. Bxf6
gxf6 15. dxe5 Qf8 16. exf6 Qxf6 17. O-O Bf5 18. Rfe1 Kg7 19. Re2 Ng6 20. Qg5
Qxg5 21. Nxg5 Nf4 22. Rd2 Kf6 23. h4 Re8 24. g3 Ne2+ 25. Kh2 Nxc3 26. Rg1 d4 27.
g4 Bc8 28. Nh7+ Kg7 29. Ng5 Ne5 30. Kg3 Nc4 31. Rd3 Ne2+ 32. Kh2 Nxg1 33. Kxg1
Bxg4 34. Rg3 Bf5 35. Ne4+ Kf7 36. Nxc5 b6 37. Nd3 Kf6 38. Rf3 Rh8 39. Rf4 Ne5
40. Kg2 Nxd3 41. cxd3 Ke5 42. Kf3 b5 43. a4 bxa4 44. h5 Rxh5 45. Kg3 a3 46. Rf3
a2 47. Kg2 a1=Q 48. Rg3 Qh1# 0-1